000 01059cab a2200289 4500
001 ABS58536
008 090401t1998 xxu||||| |||| 00| 0 eng d
035 _a(Sirsi) u85795
041 _aeng
100 _aBarrick, A.
245 _a50 per cent off! How much partnering could save you
260 _c1998
350 _a0
490 _aBuilding
_v14(263) 3 April 1998, 32-35(4)
520 _aPartnering agreements between construction companies and clients can produce time savings of more than 80 per cent which can mean cost savings of more than 50 per cent. A report by the Reading Construction Forum, "The Seven Pillars of Partnering", concluded that partnering agreements can create benefits in time and money.
650 _aBUILT ENVIRONMENT-BUILDING COSTS
650 _aCLIENTS
650 _aCONSTRUCTION COMPANIES
650 _aPARTNERING AGREEMENTS
650 _aPARTNERING
650 _aREDUCTION
650 _aSAVINGS
650 _aTIME
690 _aBUILDING AND CONSTRUCTION-PROJECTS
942 _n0
948 _c24/04/1998
999 _c53968
_d53968